<?xml version="1.0" encoding="UTF-8"?>
<record
    xmlns:xsi="http://www.w3.org/2001/XMLSchema-instance"
    xsi:schemaLocation="http://www.loc.gov/MARC21/slim http://www.loc.gov/standards/marcxml/schema/MARC21slim.xsd"
    xmlns="http://www.loc.gov/MARC21/slim">

  <leader>01323cam a2200349 i 4500</leader>
  <controlfield tag="001">zz2003874130</controlfield>
  <controlfield tag="003">NUKAT</controlfield>
  <controlfield tag="005">20260426145928.0</controlfield>
  <controlfield tag="008">031119s1851    pl           |001 0 pol c</controlfield>
  <datafield tag="035" ind1=" " ind2=" ">
    <subfield code="a">(OCoLC)749219253</subfield>
  </datafield>
  <datafield tag="035" ind1=" " ind2=" ">
    <subfield code="a">(NUKAT)zz2003874130</subfield>
  </datafield>
  <datafield tag="040" ind1=" " ind2=" ">
    <subfield code="a">GD U/EB</subfield>
    <subfield code="c">GD U/EB</subfield>
    <subfield code="d">GD U/as</subfield>
    <subfield code="d">GD U/EBs</subfield>
    <subfield code="d">WA U/AWU</subfield>
    <subfield code="d">WR U/PAdjm</subfield>
  </datafield>
  <datafield tag="100" ind1="1" ind2=" ">
    <subfield code="a">Bandtkie St&#x119;&#x17C;y&#x144;ski, Jan Wincenty</subfield>
    <subfield code="d">(1783-1846).</subfield>
    <subfield code="9">12871</subfield>
  </datafield>
  <datafield tag="245" ind1="1" ind2="0">
    <subfield code="a">Prawo prywatne polskie :</subfield>
    <subfield code="b">napisane i wyk&#x142;adane przed rokiem 1830 w b. Warszawskim Aleksandryjskim Uniwersytecie /</subfield>
    <subfield code="c">przez Jana Wincentego Bandtkie St&#x119;&#x17C;y&#x144;skiego.</subfield>
  </datafield>
  <datafield tag="250" ind1=" " ind2=" ">
    <subfield code="a">Dzie&#x142;o pogrobowe.</subfield>
  </datafield>
  <datafield tag="260" ind1=" " ind2=" ">
    <subfield code="a">Warszawa :</subfield>
    <subfield code="b">w Drukarni Banku Polskiego,</subfield>
    <subfield code="c">1851.</subfield>
  </datafield>
  <datafield tag="300" ind1=" " ind2=" ">
    <subfield code="a">[4], X, 480, XIV, [1] s. :</subfield>
    <subfield code="b">err. ;</subfield>
    <subfield code="c">23 cm.</subfield>
  </datafield>
  <datafield tag="336" ind1=" " ind2=" ">
    <subfield code="a">Tekst</subfield>
    <subfield code="b">txt</subfield>
    <subfield code="2">rdacontent</subfield>
  </datafield>
  <datafield tag="337" ind1=" " ind2=" ">
    <subfield code="a">Bez urz&#x105;dzenia po&#x15B;rednicz&#x105;cego</subfield>
    <subfield code="b">n</subfield>
    <subfield code="2">rdamedia</subfield>
  </datafield>
  <datafield tag="338" ind1=" " ind2=" ">
    <subfield code="a">Wolumin</subfield>
    <subfield code="b">nc</subfield>
    <subfield code="2">rdacarrier</subfield>
  </datafield>
  <datafield tag="380" ind1=" " ind2=" ">
    <subfield code="a">Ksi&#x105;&#x17C;ki</subfield>
  </datafield>
  <datafield tag="500" ind1=" " ind2=" ">
    <subfield code="a">Err. na s. [XV].</subfield>
  </datafield>
  <datafield tag="504" ind1=" " ind2=" ">
    <subfield code="a">Indeks.</subfield>
  </datafield>
  <datafield tag="530" ind1=" " ind2=" ">
    <subfield code="a">Dost&#x119;pne r&#xF3;wnie&#x17C; w formie elektronicznej.</subfield>
  </datafield>
  <datafield tag="650" ind1=" " ind2="7">
    <subfield code="a">Prawo cywilne</subfield>
    <subfield code="2">DBN</subfield>
    <subfield code="9">39348</subfield>
  </datafield>
  <datafield tag="650" ind1=" " ind2="7">
    <subfield code="a">Prawo prywatne</subfield>
    <subfield code="z">Polska</subfield>
    <subfield code="x">historia.</subfield>
    <subfield code="2">kaba</subfield>
    <subfield code="9">40580</subfield>
  </datafield>
  <datafield tag="651" ind1=" " ind2="7">
    <subfield code="a">Polska</subfield>
    <subfield code="2">DBN</subfield>
    <subfield code="9">35076</subfield>
  </datafield>
  <datafield tag="658" ind1=" " ind2=" ">
    <subfield code="a">Historia</subfield>
  </datafield>
  <datafield tag="658" ind1=" " ind2=" ">
    <subfield code="a">Prawo i wymiar sprawiedliwo&#x15B;ci</subfield>
  </datafield>
  <datafield tag="856" ind1="4" ind2="1">
    <subfield code="u">http://ebuw.uw.edu.pl/dlibra/docmetadata?id=228</subfield>
  </datafield>
  <datafield tag="942" ind1=" " ind2=" ">
    <subfield code="2">ddc</subfield>
    <subfield code="c">BK_NM</subfield>
  </datafield>
  <datafield tag="999" ind1=" " ind2=" ">
    <subfield code="c">27784</subfield>
    <subfield code="d">27784</subfield>
  </datafield>
  <datafield tag="952" ind1=" " ind2=" ">
    <subfield code="0">0</subfield>
    <subfield code="1">0</subfield>
    <subfield code="2">ddc</subfield>
    <subfield code="4">0</subfield>
    <subfield code="7">0</subfield>
    <subfield code="8">PBKH</subfield>
    <subfield code="a">BIP</subfield>
    <subfield code="b">PBKH</subfield>
    <subfield code="d">2026-04-26</subfield>
    <subfield code="e">K-69/1965</subfield>
    <subfield code="f">K</subfield>
    <subfield code="i">16393</subfield>
    <subfield code="l">0</subfield>
    <subfield code="o">16393</subfield>
    <subfield code="p">IPWK16690</subfield>
    <subfield code="r">2026-04-26 15:01:12</subfield>
    <subfield code="w">2026-04-26</subfield>
    <subfield code="y">BK_NM</subfield>
  </datafield>
</record>
